Eighteenth-century English literature, 1660-1789 / (Record no. 28491)
[ view plain ]
| 000 -LEADER | |
|---|---|
| fixed length control field | 01624cam a22003495i 4500 |
| 001 - CONTROL NUMBER | |
| control field | 21380138 |
| 003 - CONTROL NUMBER IDENTIFIER | |
| control field | EG-ScBUE |
| 005 - DATE AND TIME OF LATEST TRANSACTION | |
| control field | 20200716164143.0 |
| 008 - FIXED-LENGTH DATA ELEMENTS--GENERAL INFORMATION | |
| fixed length control field | 200108s2012 enka f b 001 0 eng d |
| 020 ## - INTERNATIONAL STANDARD BOOK NUMBER | |
| International Standard Book Number | 9780745625140 |
| 020 ## - INTERNATIONAL STANDARD BOOK NUMBER | |
| International Standard Book Number | 0745625142 |
| 020 ## - INTERNATIONAL STANDARD BOOK NUMBER | |
| International Standard Book Number | 9780745625157 |
| 020 ## - INTERNATIONAL STANDARD BOOK NUMBER | |
| International Standard Book Number | 0745625150 |
| 035 ## - SYSTEM CONTROL NUMBER | |
| System control number | (OCoLC)ocn540182872 |
| 040 ## - CATALOGING SOURCE | |
| Original cataloging agency | UKM |
| Language of cataloging | eng |
| Description conventions | rda |
| Transcribing agency | UKM |
| Modifying agency | ERASA |
| -- | BTCTA |
| -- | BAKER |
| -- | YDXCP |
| -- | CDX |
| -- | COO |
| -- | IQU |
| -- | OCLCQ |
| -- | NLE |
| -- | WNE |
| -- | BWX |
| -- | IAD |
| -- | LML |
| -- | EMU |
| -- | BDX |
| -- | VP@ |
| -- | UKMGB |
| -- | OCLCF |
| -- | CHVBK |
| -- | OCLCQ |
| -- | OCLCO |
| -- | S3O |
| -- | OCLCO |
| -- | UKWOH |
| -- | OCLCQ |
| -- | OCL |
| -- | CNGUL |
| -- | OCLCO |
| -- | VGM |
| -- | NJR |
| -- | OCLCQ |
| -- | OKR |
| -- | CNMTR |
| -- | CNCLB |
| -- | OCLCA |
| -- | DLC |
| -- | EG-ScBUE |
| 082 04 - DEWEY DECIMAL CLASSIFICATION NUMBER | |
| Classification number | 820.9005 |
| Item number | SUS |
| Edition number | 22 |
| 100 1# - MAIN ENTRY--PERSONAL NAME | |
| Personal name | Sussman, Charlotte, |
| Relator term | author. |
| 9 (RLIN) | 39911 |
| 245 10 - TITLE STATEMENT | |
| Title | Eighteenth-century English literature, 1660-1789 / |
| Statement of responsibility, etc | Charlotte Sussman. |
| 246 3# - VARYING FORM OF TITLE | |
| Title proper/short title | 18th-century English literature, 1660-1789 |
| 264 #1 - PUBLICATION, DISTRIBUTION, ETC. (IMPRINT) | |
| Place of publication, distribution, etc | Cambridge, UK ; |
| -- | Malden, MA : |
| Name of publisher, distributor, etc | Polity Press, |
| Date of publication, distribution, etc | 2012. |
| 300 ## - PHYSICAL DESCRIPTION | |
| Extent | 291 pages ; |
| Dimensions | 24 cm. |
| 336 ## - CONTENT TYPE | |
| Content type term | text |
| Content type code | txt |
| Source | rdacontent |
| 337 ## - MEDIA TYPE | |
| Media type term | unmediated |
| Media type code | n |
| Source | rdamedia |
| 338 ## - CARRIER TYPE | |
| Carrier type term | volume |
| Carrier type code | nc |
| Source | rdacarrier |
| 490 0# - SERIES STATEMENT | |
| Series statement | Cultural history of literature |
| 504 ## - BIBLIOGRAPHY, ETC. NOTE | |
| Bibliography, etc | Includes bibliographical references and index. |
| 505 0# - FORMATTED CONTENTS NOTE | |
| Formatted contents note | National identity and a national literature -- Print culture and the public sphere -- The city -- The countryside -- Individuality and imagination -- Religious experience -- Female sexuality and domesticity -- Wit and sensibility -- Trade and travel -- Colonialism and slavery. |
| 650 #7 - SUBJECT ADDED ENTRY--TOPICAL TERM | |
| Topical term or geographic name as entry element | English literature |
| Chronological subdivision | 18th century |
| General subdivision | History and criticism. |
| Source of heading or term | BUEsh |
| 653 ## - INDEX TERM--UNCONTROLLED | |
| Resource For college | Humanities: English |
| Arrived date list | July2020 |
| 655 ## - INDEX TERM--GENRE/FORM | |
| Form subdivision | Reading book |
| 9 (RLIN) | 34232 |
| 942 ## - ADDED ENTRY ELEMENTS (KOHA) | |
| Source of classification or shelving scheme | Dewey Decimal Classification |
| Koha item type | Book - Borrowing |
| Withdrawn status | Lost status | Source of classification or shelving scheme | Damaged status | Not for loan | Collection code | Home library | Current library | Shelving location | Date acquired | Source of acquisition | Total Checkouts | Total Renewals | Full call number | Barcode | Date last seen | Date checked out | Price effective from | Koha item type |
|---|---|---|---|---|---|---|---|---|---|---|---|---|---|---|---|---|---|---|
| Dewey Decimal Classification | Baccah | Central Library | Central Library | Second Floor | 16/07/2020 | Purchase | 2 | 1 | 820.9005 SUS | 000049387 | 15/07/2025 | 03/01/2022 | 16/07/2020 | Book - Borrowing |